Reliquiae diluvianae; or, observations on the organic remains contained in caves, fissures, and diluvial gravel, and on other geological phenomena, attesting the action of an Universal Deluge.

Saved in:
Bibliografiske detaljer
Hovedforfatter: Buckland, William
Format: Bog
Sprog:engelsk
Udgivet: London, England, United Kingdom John Murray 1823
Fag:
Tags: Tilføj Tag
Ingen Tags, Vær først til at tagge denne postø!

MARC

LEADER 00000nam a2200000 a 4500
001 UCJ6448
003 CL-VaPUC
005 20230415074402.0
008 070124e18230000UK |||||||||||||||||eng|d
999 |c 322551  |d 322549 
040 |c Pontificia Universidad Católica de Valparaíso 
082 0 4 |a 571 BUC 1823  |2 21 
100 0 |a Buckland, William  |9 513110 
245 1 0 |a Reliquiae diluvianae; or, observations on the organic remains contained in caves, fissures, and diluvial gravel, and on other geological phenomena, attesting the action of an Universal Deluge. 
260 0 3 |a London, England, United Kingdom  |b John Murray  |c 1823 
300 |a 303 páginas 
500 |a Ilustraciones conforme al índice. Advierte errata 
583 |a last modification  |c 20070124 00:00:00  |k Rodrigo Vera 
650 0 |a Paleontología  |9 314794 
650 7 |a FOSILES  |2 CL-VaPUC  |9 370434 
650 7 |a DILUVIO UNIVERSAL  |2 CL-VaPUC  |9 513111 
650 0 |a Geología   |9 260984 
650 7 |a ESPELEOLOGIA  |2 CL-VaPUC  |9 509277 
650 7 |a CAVERNAS  |2 CL-VaPUC  |9 513112 
650 0 |a Ilustraciones  |9 369481 
650 0 |a Mapas  |9 260844 
942 |c BK  |2 ddc 
945 |d 20070124 00:00:00  |a rinostro 
952 |0 0  |1 0  |2 ddc  |4 0  |6 571_000000000000000_BUC_1823  |7 0  |8 X  |9 401561  |a FDOBUD  |b FDOBUD  |d 2019-11-22  |i 1048104  |o 571 BUC 1823  |p 1048104  |r 2019-11-22  |t 1  |w 2019-11-22  |y BK_X  |k BUD